000 00408nam a2200157Ia 4500
003 GCL
008 140319s9999 xx 000 0 ara d
040 _aGCL /
_cGCL
082 0 4 _a810.8
_bم ب
100 1 _aمحمود تيمور
245 1 0 _aبنت الشيطان /
_cمحمود تيمور
490 _a
650 0 4 _aالقصة العربية
650 0 4 _aالقصة القصيرة
942 _2ddc
_cBK
999 _c38628
_d38628